000 00459nam a2200169 i 4500
001 88942
003 ES-MaACL
005 20230906175958.0
007 t|
008 041230s2002 it ||||1| spa d
080 _a913(450.82)(036)
245 0 3 _aEl libro de oro de Sicilia.
260 _aFlorence :
_bBonechi,
_c[2002]
300 _a126 p. :
_bil. col. ;
_c26 cm.
651 4 _aSicilia-
_vGuías turísticas.
_99399
852 _aES-MaACL
_jE-10778
_bR.134990
999 _c88942
_d88942